000 00300 a2200109 4500
005 20251210113222.0
020 _a9789351106937
100 _aJones B.
_9215770
245 _aCommunicating Data With Tableau: Designing, Developing And Delivering Data Visualizations
260 _bSPD
_c2014
942 _cAR
999 _c369334
_d369334